000
00348nam a2200145Ia 4500
008
240624s9999 xx 000 0 und d
041
_a
eng
082
_a
338.522 WAT
100
_a
WATSON DONALD STEVENSON
245
_a
PRICE THEORY AND ITS USES
250
_a
(5th ed.)
260
_c
2004
_a
Delhi
_b
A.I.T.B.S.
300
_a
xvi, : 534
365
_c
RS
999
_c
1494
_d
1494